Maailman kolmiraitaiset liput #2 - Statistics

Yleistilastot
  • Tätä visaa on pelattu 65 kertaa
  • Keskiarvotulos 18 / 23
Vastaustilastot
Kuvavisa Vastaus % Oikein
Belgia
100%
Irlanti
100%
Ranska
100%
Italia
98%
Romania
96%
Kanada
92%
Nigeria
92%
Norsunluurannikko
92%
Meksiko
90%
Andorra
88%
Moldova
87%
Peru
85%
Barbados
79%
Mongolia
79%
Tšad
79%
Senegal
73%
Afghanistan
67%
Kamerun
65%
Mali
65%
Saint Vincent ja Grenadiinit
65%
Guatemala
63%
Guinea
56%
Norfolkinsaari
10%
Ehtoja vastaavia visoja ei löytynyt
Tulosjakauma
Jokaisen tuloksen saaneiden osuus
Persentiili vastausten määrän mukaan
Tuloshistoriasi
Et ole pelannut tätä visaa